Top 5 Universities by Continent - Statistics

General Stats
  • This quiz has been taken 36 times
  • The average score is 15 of 30
Answer Stats
Continent World Rank Country University % Correct
Europe 5 United Kingdom University of Oxford
100%
North America 3 United States Harvard University
90%
Europe 6 United Kingdom University of Cambridge
90%
North America 1 United States Massachusetts Institute of Technology (MIT)
81%
Oceania 39 Australia The University of Melbourne
76%
Asia 23 Japan The University of Tokyo
76%
North America 2 United States Stanford University
71%
Oceania 42 Australia The University of Sydney
71%
Africa 521-530 Egypt Cairo University
62%
Asia 25 Hong Kong The University of Hong Kong
62%
North America 4 United States California Institute of Technology (Caltech)
57%
South America 73 Argentina Universidad de Buenos Aires (UBA)
57%
South America 118 Brazil Universidade de São Paulo
57%
Africa =200 South Africa University of Cape Town
57%
North America 9 United States University of Chicago
52%
South America =132 Chile Pontificia Universidad Católica de Chile (UC)
48%
Asia 17 China Tsinghua University
48%
Europe 10 United Kingdom UCL (University College London)
43%
Europe 8 United Kingdom Imperial College London
38%
Oceania 45 Australia The University of New South Wales (UNSW Sydney)
38%
Asia 11 Singapore National University of Singapore (NUS)
33%
Oceania 24 Australia The Australian National University
33%
Europe 7 Switzerland ETH Zurich - Swiss Federal Institute of Technology
29%
Asia 12 Singapore Nanyang Technological University, Singapore (NTU)
29%
Africa =420 Egypt The American University in Cairo
29%
Oceania 48 Australia The University of Queensland
24%
Africa =405 South Africa Stellenbosch University
5%
South America =208 Chile Universidad de Chile
5%
South America =204 Brazil Universidade Estadual de Campinas (Unicamp)
5%
Africa =381 South Africa University of Witwatersrand
5%
No matching quizzes found
Score Distribution
Percent of People with Each Score
Percentile by Number Answered
Your Score History
You have not taken this quiz